Normal view
MARC view
- Accounting - financial
Entry Topical Term
001 - CONTROL NUMBER
- control field: 3268
003 - CONTROL NUMBER IDENTIFIER
- control field: JO-AjAnu
005 - DATE AND TIME OF LATEST TRANSACTION
- control field: 20230606070834.0
008 - FIXED-LENGTH DATA ELEMENTS
- fixed length control field: 230606|| aca||aabn | a|a d
040 ## - CATALOGING SOURCE
- Original cataloging agency: JO-AjAnu
- Transcribing agency: JO-AjAnu
150 ## - HEADING--TOPICAL TERM
- Topical term or geographic name entry element: Accounting - financial
670 ## - SOURCE DATA FOUND
- Source citation: Work cat.: (JO-AjAnu)1709: Zeff,Stephen A / Keller,Thomas F, author 3267, Financial accounting Theory : Issues and Controversies